000 00738nam a22002175i 4500
001 168202
003 ES-MaACL
005 20250717013107.0
008 051006q19001915sp | |||||||| ||spa d
040 _aCAM
_bspa
_cCAM
100 1 _aZola, Émile,
_d1840-1902
_9118331
245 1 0 _aNana /
_cpor Emilio Zola ; traducción de Amancio Peratoner.
250 _a5ª ed.
260 _aBarcelona; Madrid; Buenos Aires :
_bCasa Editorial Maucci.
300 _a2 v. 256; 254 p. ) ;
_c19 cm.
596 _aImpreso probablemente en los primeros años del s. XX.
710 2 _aCasa Editorial Maucci,
_eed.
_9134224
752 _aEspaña -
_dBarcelona
852 _aES-MaACL
_jF-9588-9589
_z-- Enc. hol.
999 _c168202
_d168202